| 000 | 00811nam a2200241Ia 4500 | ||
|---|---|---|---|
| 003 | OSt | ||
| 005 | 20220923221815.0 | ||
| 006 | a|||||r|||| 00| 0 | ||
| 007 | ta | ||
| 008 | 220922b |||||||| |||| 00| 0 hin d | ||
| 024 | _a200,181 | ||
| 037 | _cTextual | ||
| 040 |
_aARTS _cARTS _bhin |
||
| 041 |
_2hin _ahin |
||
| 082 | _aQ3:33, 152L5.2 | ||
| 100 | _aजैन, वीरेन्द्र कुमार | ||
| 245 | 0 |
_aअनुत्तर योगी _b तीर्थकर महावीर |
|
| 246 | _aAnuttar yogī: tīrthakar hināvīra | ||
| 260 |
_aनई दिल्ली _b राधाकृष्ण _c1975 |
||
| 300 |
_a599पृ. _ccm. |
||
| 942 |
_hQ3:33, 152L5.2 _cTEXL _2CC |
||
| 999 |
_c351853 _d351853 |
||